Robson v SoS for the Environment, Tynedale DC and Troldahl (Record no. 9299)

MARC details
000 -LEADER
fixed length control field 01089cab a2200193 4500
001 - CONTROL NUMBER
control field X1031
008 - FIXED-LENGTH DATA ELEMENTS--GENERAL INFORMATION
fixed length control field 090401t1993 xxu||||| |||| 00| 0 eng d
035 ## - SYSTEM CONTROL NUMBER
System control number (Sirsi) u14301
041 ## - LANGUAGE CODE
Language code of text/sound track or separate title eng
245 ## - TITLE STATEMENT
Title Robson v SoS for the Environment, Tynedale DC and Troldahl
260 ## - PUBLICATION, DISTRIBUTION, ETC.
Date of publication, distribution, etc. 1993
350 ## - PRICE (NR) (BK AM CF MU VM SE) [OBSOLETE]
Price 0
490 ## - SERIES STATEMENT
Series statement Journal of Planning and Environment Law
Volume/sequential designation 1993 JPL 938-942(5)
520 ## - SUMMARY, ETC.
Summary, etc. QBD 24 July 1992. Outline planning permission granted on appeal - backland residential development - change of pwnership of main house inn whose grounds development was to occur - new owners not informed of right to make representaions although application and appeal was known of - real property considerations regarding proposed access - access a reserved matter - duty to notify did not extend beyond statutory requirements - outline planning permission did not authorise the construction of access - tiem to object was at submission of reserved matters approval.
650 ## - SUBJECT ADDED ENTRY--TOPICAL TERM
Topical term or geographic name entry element OUTLINE PLANNING PERMISSION
690 ## - LOCAL SUBJECT ADDED ENTRY--TOPICAL TERM (OCLC, RLIN)
Topical term or geographic name as entry element PLANNING LAW AND PRACTICE-CASE LAW
942 ## - ADDED ENTRY ELEMENTS (KOHA)
Suppress in OPAC 0
948 ## - LOCAL PROCESSING INFORMATION (OCLC); SERIES PART DESIGNATOR (RLIN)
c (OCLC) 04/03/1997
Holdings
Withdrawn status Lost status Source of classification or shelving scheme Damaged status Not for loan Home library Current library Shelving location Date acquired Total Checkouts Full call number Barcode Date last seen Copy number Price effective from Koha item type
    Dewey Decimal Classification     London London Journal article 14/09/1999   X1031 14301-1001 06/08/2019 1 06/08/2019 Law report